Diaguitas : pueblos del norte verde /

Entre el árido desierto de Atacama y los fértiles valles de Chile Central, se extiende un territorio semi árido en el cual se produjo durante la prehistoria un particular desarrollo cultural. Con la colaboración del Museo Arqueológico de La Serena se monto una muestra sobre los distintos momentos de...

Descripción completa

Detalles Bibliográficos
Autor Corporativo: Museo Chileno de Arte Precolombino
Formato: Libro
Lenguaje:español
Publicado: Santiago Museo Chileno de Arte Precolombino 1986
Materias:

MARC

LEADER 00000cam a2200000 a 4500
001 023488
003 UAHC_CL
005 20170803122245.0
008 120109s1986 cl 000 spa
040 |a UAHC_CL  |c UAHC_CL  |d UAHC_CL 
082 0 4 |a 980.43  |b D536  |2 20 
245 1 0 |a Diaguitas :  |b pueblos del norte verde /  |c [preparado por] Museo Chileno de Arte Precolombino ; trad. Peter Kendall. 
260 |b Museo Chileno de Arte Precolombino  |a Santiago  |c 1986 
300 |a 96 p. 
520 |a Entre el árido desierto de Atacama y los fértiles valles de Chile Central, se extiende un territorio semi árido en el cual se produjo durante la prehistoria un particular desarrollo cultural. Con la colaboración del Museo Arqueológico de La Serena se monto una muestra sobre los distintos momentos de los casi 12.000 años de historia humana en esta región, desde los antiguos cazadores de fauna hoy extinta, hasta las relaciones de los Diaguita con los Inka. 
650 4 |a DIAGUITAS  |x ANTIGUEDADES 
653 |a ANTROPOLOGIA 
710 1 |a Museo Chileno de Arte Precolombino 
900 |a 980.43 DIA 
942 |c BK 
952 |0 0  |1 0  |4 0  |6 980_430000000000000_DIA  |7 0  |8 General  |9 46952  |a BC  |b BC  |c General  |d 2017-08-03  |l 0  |o 980.43 DIA  |p 1390615  |r 2026-01-13 00:00:00  |t 1  |w 2017-08-03  |y BK 
952 |0 0  |1 0  |4 0  |6 980_430000000000000_DIA  |7 0  |8 General  |9 46953  |a BC  |b BC  |c General  |d 2017-08-03  |l 0  |o 980.43 DIA  |p 1390616  |r 2026-01-13 00:00:00  |t 2  |w 2017-08-03  |y BK 
952 |0 0  |1 0  |4 0  |6 980_430000000000000_DIA  |7 0  |8 General  |9 46954  |a BC  |b BC  |c General  |d 2017-08-03  |l 2  |o 980.43 DIA  |p 1390617  |r 2026-01-13 00:00:00  |s 2023-01-26  |t 3  |w 2017-08-03  |y BK 
999 |c 23488  |d 23488